Normal view
MARC view
- Health services administrators
Entry Topical Term
001 - CONTROL NUMBER
- control field: 4377
003 - CONTROL NUMBER IDENTIFIER
- control field: OSt
005 - DATE AND TIME OF LATEST TRANSACTION
- control field: 20170515114406.0
008 - FIXED-LENGTH DATA ELEMENTS
- fixed length control field: 170515|| aca||aabn | a|a d
040 ## - CATALOGING SOURCE
- Original cataloging agency: OSt
- Transcribing agency: OSt
150 ## - HEADING--TOPICAL TERM
- Topical term or geographic name entry element: Health services administrators
- General subdivision: Salaries, pensions, etc.
- Geographic subdivision: United State
670 ## - SOURCE DATA FOUND
- Source citation: Work cat.: (OSt)0: Browdy, Jerad D. 4376, Health care executive compensation :, 1983

PORTAL AKMAL
E-MEL JKDM
AKMAL2U
G-BAM
u-PUSTAKA